Normal view
MARC view
- Ms. Rehma Hyder and Dr. Ume Laila
Entry Personal Name
001 - CONTROL NUMBER
- control field: 27356
003 - CONTROL NUMBER IDENTIFIER
- control field: NUST
005 - DATE AND TIME OF LATEST TRANSACTION
- control field: 20200106120003.0
008 - FIXED-LENGTH DATA ELEMENTS
- fixed length control field: 200106|| aca||aabn | a|a d
040 ## - CATALOGING SOURCE
- Original cataloging agency: NUST
- Transcribing agency: NUST
100 ## - HEADING--PERSONAL NAME
- Personal name: Ms. Rehma Hyder and Dr. Ume Laila
670 ## - SOURCE DATA FOUND
- Source citation: Work cat.: (NUST): Imran, Alyzeh 27354, EVALUATION OF CHILD LABOUR AND ITS IMPACT ON POVERTY: A STUDY OF AUTOMOBILE WORKSHOPS IN ISLAMABAD /, 2019.
